[Event "Sharjah Blitz"]
[Site "Sharjah"]
[Date "2023.03.28"]
[Round "3"]
[White "Erdogdu, Mert"]
[Black "Sabirova, Shakhnoza"]
[Result "1-0"]
[WhiteElo "2413"]
[BlackElo "1962"]
[PlyCount "53"]
[EventDate "2023.03.28"]
[EventType "swiss (blitz)"]
[EventRounds "9"]
[EventCountry "UAE"]
[SourceTitle "CBM 213 Extra"]
[Source "ChessBase"]
[SourceDate "2023.05.31"]
[SourceVersion "1"]
[SourceVersionDate "2023.05.31"]
[SourceQuality "1"]

1. c4 e5 2. Nc3 Nc6 3. g3 g6 4. Bg2 Bg7 5. d3 d6 6. Nf3 h6 7. 0-0 Be6 8. Rb1 Qd7 9. Nd5 Nd8 10. e4 c6 11. Ne3 Bh3 12. b4 Bxg2 13. Kxg2 Ne7 14. b5 0-0 15. bxc6 bxc6 16. d4 exd4 17. Nxd4 Ne6 18. Bb2 Rab8 19. Nxe6 Qxe6 20. Bxg7 Qxe4+ 21. Kg1 Kxg7 22. Rxb8 Rxb8 23. Qxd6 Rb2 24. a3 Kh7 25. Qf6 Re2 26. Qxf7+ Kh8 27. Rd1 1-0

[Event "Dubai op 22nd"]
[Site "Dubai"]
[Date "2022.08.27"]
[Round "1"]
[White "Sabirova, Shakhnoza"]
[Black "Siddharth, Jagadeesh"]
[Result "0-1"]
[WhiteElo "1957"]
[BlackElo "2426"]
[PlyCount "84"]
[EventDate "2022.08.27"]
[EventType "swiss"]
[EventRounds "9"]
[EventCountry "UAE"]
[SourceTitle "CBM 210 Extra"]
[Source "ChessBase"]
[SourceDate "2022.11.30"]
[SourceVersion "1"]
[SourceVersionDate "2022.11.30"]
[SourceQuality "1"]

1. e4 c6 2. d4 d5 3. Nd2 dxe4 4. Nxe4 Nf6 5. Ng3 h5 6. Bc4 h4 7. N3e2 Bf5 8. Nf3 e6 9. h3 Be4 10. c3 Bxf3 11. gxf3 Nd5 12. Rg1 g6 13. Qd3 Bh6 14. Bxh6 Rxh6 15. 0-0-0 Qd6 16. Bxd5 cxd5 17. Qe3 Rh8 18. Nf4 Nc6 19. Nd3 0-0-0 20. f4 Ne7 21. Ne5 Nf5 22. Qd3 Qc7 23. Kb1 Kb8 24. Rde1 Ka8 25. Qd1 Nd6 26. Qa4 Ne4 27. Qc2 Rc8 28. Rc1 Qe7 29. Ka1 Qf6 30. Nd3 Qf5 31. Rg4 Nf6 32. Rg5 Qxh3 33. Ne5 Ne4 34. Nxf7 Rhf8 35. Ne5 Nxg5 36. fxg5 Qg2 37. Qxg6 h3 38. Qb1 Qxg5 39. Rg1 Qf5 40. Nd3 Rg8 41. Rh1 Rg2 42. Qf1 Rcg8 0-1

[Event "Sharjah Blitz op 27th"]
[Site "Sharjah"]
[Date "2022.04.08"]
[Round "3"]
[White "Erdogdu, Mert"]
[Black "Sabirova, Shakhnoza"]
[Result "1/2-1/2"]
[WhiteElo "2407"]
[BlackElo "1919"]
[PlyCount "70"]
[EventDate "2022.04.08"]
[EventType "swiss (blitz)"]
[EventRounds "9"]
[EventCountry "UAE"]
[SourceTitle "CBM 207 Extra"]
[Source "ChessBase"]
[SourceDate "2022.05.31"]
[SourceVersion "1"]
[SourceVersionDate "2022.05.31"]
[SourceQuality "1"]

1. e4 e5 2. Nf3 Nf6 3. Nxe5 Nxe4 4. Qe2 Qe7 5. Qxe4 d6 6. d4 dxe5 7. dxe5 Nc6 8. Nc3 Qxe5 9. Bf4 Qxe4+ 10. Nxe4 Bf5 11. 0-0-0 Bxe4 12. Re1 0-0-0 13. Rxe4 Bc5 14. Bg3 Rhe8 15. Rxe8 Rxe8 16. Bb5 a6 17. Bxc6 bxc6 18. Kd2 Bd6 19. f3 Bxg3 20. hxg3 h6 21. g4 Kd7 22. Rh5 Rb8 23. b3 Rb5 24. Ke3 Ke6 25. Ke4 Rd5 26. g3 Kd6 27. Rf5 Ke6 28. Rh5 Kd6 29. a4 a5 30. c3 Ke6 31. c4 Rxh5 32. gxh5 c5 33. g4 g6 34. f4 f5+ 35. gxf5+ gxf5+ 1/2-1/2

[Event "Sharjah Blitz op 27th"]
[Site "Sharjah"]
[Date "2022.04.08"]
[Round "8"]
[White "Sabirova, Shakhnoza"]
[Black "Soud, Jaber"]
[Result "1-0"]
[WhiteElo "1919"]
[BlackElo "1414"]
[PlyCount "35"]
[EventDate "2022.04.08"]
[EventType "swiss (blitz)"]
[EventRounds "9"]
[EventCountry "UAE"]
[SourceTitle "CBM 207 Extra"]
[Source "ChessBase"]
[SourceDate "2022.05.31"]
[SourceVersion "1"]
[SourceVersionDate "2022.05.31"]
[SourceQuality "1"]

1. e4 e5 2. Nf3 Nc6 3. Bc4 Be7 4. d3 Nf6 5. Nc3 0-0 6. h3 d6 7. g4 h6 8. g5 hxg5 9. Bxg5 Nh5 10. h4 Bg4 11. Rg1 Bxf3 12. Qxf3 Bxg5 13. Qxh5 Bf4 14. Nd5 Nd4 15. Nxf4 exf4 16. 0-0-0 b5 17. Rxg7+ Kxg7 18. Rg1+ 1-0

[Event "Sharjah Blitz op"]
[Site "Sharjah"]
[Date "2021.05.01"]
[Round "2.8"]
[White "Kanter, Eduard"]
[Black "Sabirova, Shakhnoza"]
[Result "1-0"]
[WhiteElo "2384"]
[BlackElo "1919"]
[PlyCount "31"]
[EventDate "2021.05.01"]
[EventType "swiss (blitz)"]
[EventRounds "9"]
[EventCountry "UAE"]
[SourceTitle "CBM 202 Extra"]
[Source "ChessBase"]
[SourceDate "2021.07.31"]
[SourceVersion "1"]
[SourceVersionDate "2021.07.31"]
[SourceQuality "1"]

1. d4 d5 2. c4 e6 3. Nf3 Nf6 4. g3 Be7 5. Bg2 0-0 6. 0-0 c6 7. Nc3 Nbd7 8. Qd3 b6 9. Rd1 Bb7 10. e4 dxe4 11. Nxe4 c5 12. Nxf6+ Nxf6 13. Ne5 Bxg2 14. Kxg2 Qxd4 15. Nc6 Bd6 16. Nxd4 1-0

[Event "Sharjah Rapid op"]
[Site "Sharjah"]
[Date "2021.04.30"]
[Round "7.10"]
[White "Razan, Alshaeby"]
[Black "Sabirova, Shakhnoza"]
[Result "1-0"]
[WhiteElo "1711"]
[BlackElo "1919"]
[PlyCount "51"]
[EventDate "2021.04.29"]
[EventType "swiss (rapid)"]
[EventRounds "9"]
[EventCountry "UAE"]
[SourceTitle "CBM 202 Extra"]
[Source "ChessBase"]
[SourceDate "2021.07.31"]
[SourceVersion "1"]
[SourceVersionDate "2021.07.31"]
[SourceQuality "1"]

1. e4 e5 2. d4 exd4 3. c3 d5 4. exd5 Qxd5 5. cxd4 Nf6 6. Nc3 Qe6+ 7. Be2 Bd6 8. Nf3 0-0 9. 0-0 h6 10. Re1 c6 11. b3 Bb4 12. Bc4 Qd6 13. Bb2 Bg4 14. Ne4 Qf4 15. Nxf6+ Qxf6 16. Re3 Nd7 17. h3 Bh5 18. Qc2 Bg6 19. Qe2 Nb6 20. d5 Qd8 21. dxc6 bxc6 22. Rd1 Qc8 23. Ba6 Qf5 24. Nh4 Qh5 25. Nxg6 Qxg6 26. Rg3 1-0

[Event "Sharjah Rapid op"]
[Site "Sharjah"]
[Date "2021.04.29"]
[Round "2.8"]
[White "Sabirova, Shakhnoza"]
[Black "Kanter, Eduard"]
[Result "0-1"]
[WhiteElo "1919"]
[BlackElo "2384"]
[PlyCount "72"]
[EventDate "2021.04.29"]
[EventType "swiss (rapid)"]
[EventRounds "9"]
[EventCountry "UAE"]
[SourceTitle "CBM 202 Extra"]
[Source "ChessBase"]
[SourceDate "2021.07.31"]
[SourceVersion "1"]
[SourceVersionDate "2021.07.31"]
[SourceQuality "1"]

1. e4 c5 2. Nc3 g6 3. g3 Bg7 4. Bg2 Nc6 5. d3 Rb8 6. Be3 d6 7. Qd2 b5 8. h4 b4 9. Nd1 h5 10. f4 Nh6 11. f5 Ng4 12. fxg6 fxg6 13. Bg5 Nd4 14. c3 bxc3 15. bxc3 Ne6 16. Nf3 0-0 17. 0-0 Nxg5 18. Qxg5 Kh7 19. Qd5 Bh6 20. Ng5+ Bxg5 21. Rf7+ Rxf7 22. Qxf7+ Kh8 23. hxg5 Ne5 24. Qf1 Ba6 25. c4 Qf8 26. Qe2 Qg7 27. Ne3 Nf3+ 28. Qxf3 Qxa1+ 29. Kh2 Kg7 30. Nd5 Qe5 31. Nc7 Rf8 32. Qe3 Bc8 33. Nd5 h4 34. Nf4 hxg3+ 35. Kxg3 Qxg5+ 36. Kf3 Qg4+ 0-1

[Event "UZB-ch U20 Girls"]
[Site "Tashkent"]
[Date "2007.09.13"]
[Round "1"]
[White "Sabirova, Shakhnoza"]
[Black "Turdialieva, Tahmina"]
[Result "1-0"]
[WhiteElo "1964"]
[BlackElo "1931"]
[PlyCount "42"]
[EventDate "2007.09.13"]
[EventType "tourn"]
[EventRounds "9"]
[EventCountry "UZB"]
[SourceTitle "EXT 2015"]
[Source "ChessBase"]
[SourceDate "2014.11.20"]
[SourceVersion "1"]
[SourceVersionDate "2014.11.20"]
[SourceQuality "1"]

1. e4 d5 2. exd5 Qxd5 3. Nc3 Qa5 4. Bc4 Nf6 5. d3 e5 6. Bd2 c6 7. Qe2 Qc7 8. d4 Nbd7 9. f4 e4 10. Nxe4 Nxe4 11. Qxe4+ Be7 12. Nf3 Nf6 13. Qe5 Qd8 14. Bb4 a5 15. Bxe7 Qxe7 16. 0-0-0 b5 17. Rhe1 Qxe5 18. dxe5 Ng8 19. Bf1 Be6 20. Nd4 Bd5 21. Nxb5 Rc8 1-0

[Event "UZB-ch (Women)"]
[Site "Tashkent"]
[Date "2007.05.20"]
[Round "10"]
[White "Hamrakulova, Yulduz"]
[Black "Sabirova, Shakhnoza"]
[Result "1-0"]
[WhiteElo "2182"]
[BlackElo "1964"]
[PlyCount "160"]
[EventDate "2007.05.11"]
[EventType "tourn"]
[EventRounds "11"]
[EventCountry "UZB"]
[SourceTitle "EXT 2015"]
[Source "ChessBase"]
[SourceDate "2014.11.20"]
[SourceVersion "1"]
[SourceVersionDate "2014.11.20"]
[SourceQuality "1"]

1. d4 d5 2. c4 e6 3. Nc3 Nf6 4. cxd5 exd5 5. Bg5 Be7 6. e3 c6 7. Bd3 Nbd7 8. Nf3 0-0 9. Qc2 Re8 10. 0-0 Nf8 11. Rae1 Ng6 12. Ne5 c5 13. Nxg6 hxg6 14. dxc5 Bxc5 15. Nb5 Bb6 16. Rc1 Be6 17. Qa4 a6 18. Nd4 Rc8 19. Qb4 Bxd4 20. Qxd4 Qa5 21. Bxf6 gxf6 22. Qxf6 Qxa2 23. h4 Qb3 24. Rxc8 Bxc8 25. Bb1 Qb4 26. h5 Qe7 27. Qf3 Qg5 28. hxg6 fxg6 29. Rd1 Be6 30. Ba2 Rf8 31. Qg3 Qxg3 32. fxg3 Kg7 33. e4 Bg4 34. Rxd5 Be6 35. Ra5 Bxa2 36. Rxa2 Rf6 37. Ra4 Re6 38. Rb4 b5 39. Kf2 Kf6 40. Kf3 Rb6 41. Rd4 Rc6 42. Kf4 a5 43. Rd5 Rb6 44. Rd8 a4 45. Ra8 Rc6 46. Rb8 Rc5 47. Rb6+ Kf7 48. Ke3 Rg5 49. Kf4 Rc5 50. Ke3 Rg5 51. Kf4 Rc5 52. g4 g5+ 53. Ke3 Ke7 54. Kd3 Kf7 55. Rd6 Ke7 56. Rg6 Kf7 57. Rb6 Ke7 58. Rg6 Kf7 59. Rd6 Ke7 60. Rb6 Kf7 61. Rd6 Ke7 62. Rb6 Kf7 63. Ke3 Ke7 64. Kd3 Kf7 65. Ke3 Ke7 66. Kd3 Kf7 67. g3 Ke7 68. Rg6 Kf7 69. Rb6 Ke7 70. Rg6 Kf7 71. Rd6 Ke7 72. Rb6 Kf7 73. Ke3 Ke7 74. Kd3 Kf7 75. Rd6 Ke7 76. Rb6 Kf7 77. Ke3 Ke7 78. Rg6 Kf7 79. Rd6 Ke7 80. Rb6 Kf7 1-0

[Event "UZB-ch (Women)"]
[Site "Tashkent"]
[Date "2007.05.13"]
[Round "3"]
[White "Khamrakulova, Iroda"]
[Black "Sabirova, Shakhnoza"]
[Result "1-0"]
[WhiteElo "2193"]
[BlackElo "1964"]
[PlyCount "109"]
[EventDate "2007.05.11"]
[EventType "tourn"]
[EventRounds "11"]
[EventCountry "UZB"]
[SourceTitle "EXT 2015"]
[Source "ChessBase"]
[SourceDate "2014.11.20"]
[SourceVersion "1"]
[SourceVersionDate "2014.11.20"]
[SourceQuality "1"]

1. e4 d5 2. exd5 Nf6 3. d4 Nxd5 4. c4 Nb6 5. Nf3 g6 6. Be2 Bg7 7. 0-0 0-0 8. Nc3 Bg4 9. Be3 Nc6 10. c5 Nd5 11. Qb3 Nxe3 12. fxe3 Na5 13. Qc2 b6 14. h3 Bf5 15. Qa4 Nb7 16. Ba6 Rb8 17. Rad1 Qe8 18. Bb5 Qc8 19. e4 Bxh3 20. gxh3 Qxh3 21. Qc2 Bh6 22. Qh2 Be3+ 23. Kh1 Qxh2+ 24. Kxh2 bxc5 25. b3 Nd6 26. Be2 e6 27. dxc5 Bxc5 28. Ne5 Bb4 29. Na4 Rbc8 30. Nc6 a5 31. e5 Nf5 32. Rd7 Ne3 33. Rf3 Nd5 34. Bc4 Nb6 35. Nxb6 cxb6 36. Rdxf7 Rxf7 37. Bxe6 Rcf8 38. Rxf7 Rxf7 39. Nd8 Kf8 40. Nxf7 Ke7 41. Bd5 Bc3 42. e6 b5 43. Ng5 h6 44. Ne4 Be5+ 45. Kh3 Bd4 46. Kg4 Be5 47. a4 bxa4 48. bxa4 Bb2 49. Bc4 Bd4 50. Nd2 Bf6 51. Nb3 Bc3 52. Nc5 Bb4 53. Nd3 Bc3 54. Nf4 h5+ 55. Kh4 1-0

[Event "UZB-ch U20 Girls"]
[Site "Tashkent"]
[Date "2006.09.19"]
[Round "3"]
[White "Sabirova, Shakhnoza"]
[Black "Muminova, Nafisa"]
[Result "0-1"]
[WhiteElo "1928"]
[BlackElo "2123"]
[PlyCount "82"]
[EventDate "2006.09.17"]
[EventType "tourn"]
[EventRounds "13"]
[EventCountry "UZB"]
[SourceTitle "EXT 2015"]
[Source "ChessBase"]
[SourceDate "2014.11.20"]
[SourceVersion "1"]
[SourceVersionDate "2014.11.20"]
[SourceQuality "1"]

1. e4 e6 2. Nc3 d5 3. d4 dxe4 4. Nxe4 Nd7 5. Nf3 Ngf6 6. Bd3 c5 7. Nxf6+ Nxf6 8. dxc5 Bxc5 9. Qe2 0-0 10. Bg5 Qa5+ 11. Bd2 Qb6 12. 0-0-0 e5 13. Nxe5 Re8 14. Bb5 Re7 15. b4 Bd4 16. Nc4 Qxb5 17. Qxe7 Be6 18. Be3 Nd5 19. Qd6 Bf6 20. Qc5 Qa6 21. Na5 Rc8 22. Qxa7 Nxb4 23. Rd2 Qb5 24. Nb3 Qc4 25. Nd4 Nxa2+ 26. Kd1 Nc3+ 27. Ke1 Qb4 28. f3 Qb1+ 29. Kf2 Qxh1 30. Nxe6 Bh4+ 31. g3 Qxh2+ 32. Kf1 Qh3+ 33. Rg2 Qxe6 34. gxh4 Qc4+ 35. Ke1 Qxh4+ 36. Kd2 Qb4 37. Qa1 Rd8+ 38. Ke1 Qh4+ 39. Bf2 Qe7+ 40. Kf1 Qe2+ 41. Kg1 Rd1+ 0-1

[Event "UZB-ch U20 Girls"]
[Site "Tashkent"]
[Date "2006.09.17"]
[Round "1"]
[White "Sabirova, Shakhnoza"]
[Black "Hamrakulova, Yulduz"]
[Result "1/2-1/2"]
[WhiteElo "1928"]
[BlackElo "2209"]
[PlyCount "60"]
[EventDate "2006.09.17"]
[EventType "tourn"]
[EventRounds "13"]
[EventCountry "UZB"]
[SourceTitle "EXT 2015"]
[Source "ChessBase"]
[SourceDate "2014.11.20"]
[SourceVersion "1"]
[SourceVersionDate "2014.11.20"]
[SourceQuality "1"]

1. e4 e5 2. Nf3 Nf6 3. Bc4 Nxe4 4. Nc3 Nd6 5. Nxe5 Nxc4 6. Nxc4 d5 7. Ne5 Bd6 8. 0-0 d4 9. Re1 0-0 10. Nb5 Bxe5 11. Rxe5 Nc6 12. Re1 a6 13. Na3 d3 14. cxd3 Qxd3 15. b3 Bf5 16. Bb2 Rad8 17. Nc4 Be6 18. Re3 Qd7 19. Rg3 f6 20. d3 Nd4 21. Qd2 Nf5 22. Rf3 b5 23. Ne3 c5 24. Rc1 Nxe3 25. Qxe3 c4 26. dxc4 bxc4 27. bxc4 Bg4 28. Rg3 Rfe8 29. Qb3 Qd2 30. h3 Bd7 1/2-1/2